000
00293nam a2200109Ia 4500
001
1264778
005
20260417141952.0
008
260417s9999 xx 000 0 und d
020
_a
9786051858036
245
0
_a
İstanbul ve Pierre Loti
_c
Abdülhak Şinasi Hisar
260
_b
Everest Yayınları
999
_c
1264778
_d
1264778